000
00360nam a2200145Ia 4500
008
090123s9999 xx 000 0 und d
082
_b
25623
245
_a
हाहाकार
250
_a
0
260
_b
राज पॉकेट बुक्स
300
_a
61
630
_a
हाहाकार
730
_a
हाहाकार
942
_c
BOOK
999
_c
63694
_d
63694